Potential Consumer Perceptions of Hydrogen Vehicles in the Netherlands
Zostavenie dotazníka s 5 otázkami pre každý prvok marketingového mixu (spolu 20 otázok) a jeho následná aplikácia u predajcov Hyundai na 5 rôznych predajniach Hyundai v provincii Limburg (Holandsko), vo Venlo, Heerlen, Roermond, Sittard a Weert.
Gespeichert in:
| 1. Verfasser: | |
|---|---|
| Format: | Buchkapitel |
| Sprache: | Englisch |
| Schlagworte: | |
| Tags: |
Keine Tags, Fügen Sie das erste Tag hinzu!
|
MARC
| LEADER | 00000naa$a2200000$$$4500 | ||
|---|---|---|---|
| 001 | 0281171 | ||
| 005 | 20240502074353.9 | ||
| 041 | 0 | |a eng | |
| 044 | |a SK | ||
| 245 | 1 | 0 | |a Potential Consumer Perceptions of Hydrogen Vehicles in the Netherlands |c Radka Repiská |
| 520 | |a Zostavenie dotazníka s 5 otázkami pre každý prvok marketingového mixu (spolu 20 otázok) a jeho následná aplikácia u predajcov Hyundai na 5 rôznych predajniach Hyundai v provincii Limburg (Holandsko), vo Venlo, Heerlen, Roermond, Sittard a Weert. | ||
| 610 | 2 | 0 | |a správanie spotrebiteľa |
| 610 | 2 | 0 | |a vozidlá motorové |
| 610 | 2 | 0 | |a Holandsko |
| 610 | 2 | 0 | |a energia |
| 610 | 2 | 0 | |a vodík |
| 100 | 1 | |a Repiská, Radka, 1996- | |